000
00230 a2200097 4500
090
_c
4291
_d
4291
100
_a
Jonathan Gennick
245
_a
Oracle 8i DBA Bible
260
_a
IDG BOOKS
_b
INDIA
_c
2000
942
_a
NBS
_c
BK
_k
005.7585 GEN
999
_c
346738
_d
346738